00561cam a22001814a 4500008004100000020002200041100002100063245007800084250004200162260003300204300002600237500002000263504004100283650002800324003000100352005001700353040000900370  a0747528306 (pbk.)1 aGoleman, Daniel.10aEmotional intelligence:bwhy it can matter more than IQ/cDaniel Goleman. aBantam 10th anniversary hardcover ed. aLondon :bBloomsbury,c1995. axiv, 352 p. ;c20 cm. aIncludes index. aIncludes bibliographical references. 0aEmotional intelligence.20230123141110.0 cNUST